| 000 | 00365nam a22001337a 4500 | ||
|---|---|---|---|
| 082 |
_a297 _bAIO |
||
| 110 |
_aAllam Iqbal open university _951252 |
||
| 245 |
_aاسلامیات _bcompulsory |
||
| 260 |
_aIslamabad, _bAIOU, _c1983. |
||
| 300 | _a261p. | ||
| 526 |
_a0 _b0 _c0 _d297_000000000000000_AIO |
||
| 526 |
_a0 _b0 _c0 _d297_000000000000000_AIO |
||
| 942 |
_2ddc _cBK |
||
| 999 |
_c553983 _d553983 |
||